<?xml version="1.0" encoding="UTF-8"?>
<record
    xmlns:xsi="http://www.w3.org/2001/XMLSchema-instance"
    xsi:schemaLocation="http://www.loc.gov/MARC21/slim http://www.loc.gov/standards/marcxml/schema/MARC21slim.xsd"
    xmlns="http://www.loc.gov/MARC21/slim">

  <leader>     nam a22        4500</leader>
  <datafield tag="999" ind1=" " ind2=" ">
    <subfield code="c">140496</subfield>
    <subfield code="d">140494</subfield>
  </datafield>
  <controlfield tag="005">20180503121603.0</controlfield>
  <controlfield tag="008">180503b         bl||||| |||| 00| 0 spa d</controlfield>
  <datafield tag="050" ind1="0" ind2="4">
    <subfield code="a">N31</subfield>
    <subfield code="b">M86 1996</subfield>
  </datafield>
  <datafield tag="245" ind1="0" ind2="3">
    <subfield code="a">El mundo del arte </subfield>
    <subfield code="c">/  Trewin Copplestone, Bernardo S. Myers, planificadores de obra</subfield>
  </datafield>
  <datafield tag="246" ind1="3" ind2="4">
    <subfield code="a">El mundo del arte : </subfield>
    <subfield code="b">las artes pl&#xE1;sticas de sus or&#xED;genes a la actualidad</subfield>
  </datafield>
  <datafield tag="250" ind1=" " ind2=" ">
    <subfield code="a">1a ed.</subfield>
  </datafield>
  <datafield tag="260" ind1=" " ind2=" ">
    <subfield code="a">Brasil : </subfield>
    <subfield code="b">expressao e cultura, </subfield>
    <subfield code="c">1966.</subfield>
  </datafield>
  <datafield tag="300" ind1=" " ind2=" ">
    <subfield code="a">10 vol. : </subfield>
    <subfield code="b">il. ; </subfield>
    <subfield code="c">29 cm.</subfield>
  </datafield>
  <datafield tag="504" ind1=" " ind2=" ">
    <subfield code="a">Incluye bibliograf&#xED;a e indice.</subfield>
  </datafield>
  <datafield tag="505" ind1="0" ind2=" ">
    <subfield code="t">V.1 El arte prehist&#xF3;rico y primitivo / </subfield>
    <subfield code="r">Andreas Lommel</subfield>
    <subfield code="t">V.2 Mundo antiguo / </subfield>
    <subfield code="r">Giovanni Garbini</subfield>
    <subfield code="t">V.3 Antig&#xFC;edad cl&#xE1;sica / </subfield>
    <subfield code="r">Donald Strong</subfield>
    <subfield code="t">V.4 Cristianidad cl&#xE1;sica y bizantina / </subfield>
    <subfield code="r">Jean Lassus</subfield>
    <subfield code="t">V.5 Mundo isl&#xE1;mico / </subfield>
    <subfield code="r">Ernst J. Grube</subfield>
    <subfield code="t">V.6 Mundo oriental / </subfield>
    <subfield code="r">Jeannine Auboyer</subfield>
    <subfield code="t">V.7 Mundo medieval / </subfield>
    <subfield code="r">Peter Kidson</subfield>
    <subfield code="t">V.8 El renacimiento / </subfield>
    <subfield code="r">Andrew Martindale</subfield>
    <subfield code="t">V.9 El barroco / </subfield>
    <subfield code="r">Michael Kitson</subfield>
    <subfield code="t">V.10 Arte moderno / </subfield>
    <subfield code="r">Norbert Lyton</subfield>
  </datafield>
  <datafield tag="650" ind1=" " ind2="7">
    <subfield code="2">lemb</subfield>
    <subfield code="a">Artes plasticas</subfield>
    <subfield code="v">Enciclopedias</subfield>
  </datafield>
  <datafield tag="700" ind1="1" ind2=" ">
    <subfield code="d">director</subfield>
    <subfield code="a">Copplestone, Trewin</subfield>
  </datafield>
  <datafield tag="700" ind1="1" ind2=" ">
    <subfield code="a">Myers, Bernardo S. </subfield>
    <subfield code="d">director</subfield>
  </datafield>
  <datafield tag="700" ind1="1" ind2=" ">
    <subfield code="a">Lommel, Andreas </subfield>
    <subfield code="e">autor</subfield>
  </datafield>
  <datafield tag="700" ind1="1" ind2=" ">
    <subfield code="a">Garbini, Giovanni </subfield>
    <subfield code="e">autor</subfield>
  </datafield>
  <datafield tag="700" ind1="1" ind2=" ">
    <subfield code="a">Strong, Donald </subfield>
    <subfield code="e">autor</subfield>
  </datafield>
  <datafield tag="700" ind1="1" ind2=" ">
    <subfield code="a">Lassus, Jean </subfield>
    <subfield code="e">autor</subfield>
  </datafield>
  <datafield tag="700" ind1="1" ind2=" ">
    <subfield code="a">J. Grube, Ernst </subfield>
    <subfield code="e">autor</subfield>
  </datafield>
  <datafield tag="700" ind1="1" ind2=" ">
    <subfield code="a">Auboyer, Jeannine </subfield>
    <subfield code="e">autor</subfield>
  </datafield>
  <datafield tag="700" ind1="1" ind2=" ">
    <subfield code="a">Kidson, Peter </subfield>
    <subfield code="e">autor</subfield>
  </datafield>
  <datafield tag="700" ind1="1" ind2=" ">
    <subfield code="a">Martindale, Andrew </subfield>
    <subfield code="e">autor</subfield>
  </datafield>
  <datafield tag="700" ind1="1" ind2=" ">
    <subfield code="a">Kitson, Michael </subfield>
    <subfield code="e">autor</subfield>
  </datafield>
  <datafield tag="700" ind1="1" ind2=" ">
    <subfield code="a">Lyton, Norbert </subfield>
    <subfield code="e">autor</subfield>
  </datafield>
  <datafield tag="942" ind1=" " ind2=" ">
    <subfield code="2">lcc</subfield>
    <subfield code="c">LIB</subfield>
  </datafield>
  <datafield tag="952" ind1=" " ind2=" ">
    <subfield code="1">0</subfield>
    <subfield code="2">lcc</subfield>
    <subfield code="4">0</subfield>
    <subfield code="7">0</subfield>
    <subfield code="a">LIC-037</subfield>
    <subfield code="b">LIC-037</subfield>
    <subfield code="c">CONSULTA</subfield>
    <subfield code="d">2018-05-03</subfield>
    <subfield code="e">DON</subfield>
    <subfield code="f">1a ed.</subfield>
    <subfield code="k">EH</subfield>
    <subfield code="o">N31 M86 1996 </subfield>
    <subfield code="p">BBA000002176</subfield>
    <subfield code="r">2018-05-03 00:00:00</subfield>
    <subfield code="t">C:1 V.1</subfield>
    <subfield code="y">LIB</subfield>
  </datafield>
  <datafield tag="952" ind1=" " ind2=" ">
    <subfield code="1">0</subfield>
    <subfield code="2">lcc</subfield>
    <subfield code="4">0</subfield>
    <subfield code="7">0</subfield>
    <subfield code="a">LIC-037</subfield>
    <subfield code="b">LIC-037</subfield>
    <subfield code="c">CONSULTA</subfield>
    <subfield code="d">2018-05-04</subfield>
    <subfield code="e">DON</subfield>
    <subfield code="f">1a ed.</subfield>
    <subfield code="k">EH</subfield>
    <subfield code="o">N31 M86 1996</subfield>
    <subfield code="p">BBA000002177</subfield>
    <subfield code="r">2018-05-04 00:00:00</subfield>
    <subfield code="t">C:1 V.2</subfield>
    <subfield code="y">LIB</subfield>
  </datafield>
  <datafield tag="952" ind1=" " ind2=" ">
    <subfield code="1">0</subfield>
    <subfield code="2">lcc</subfield>
    <subfield code="4">0</subfield>
    <subfield code="7">0</subfield>
    <subfield code="a">LIC-037</subfield>
    <subfield code="b">LIC-037</subfield>
    <subfield code="c">CONSULTA</subfield>
    <subfield code="d">2018-05-04</subfield>
    <subfield code="e">DON</subfield>
    <subfield code="f">1a ed.</subfield>
    <subfield code="k">EH</subfield>
    <subfield code="o">N31 M86 1996</subfield>
    <subfield code="p">BBA000002178</subfield>
    <subfield code="r">2018-05-04 00:00:00</subfield>
    <subfield code="t">C:1 V.3</subfield>
    <subfield code="y">LIB</subfield>
  </datafield>
  <datafield tag="952" ind1=" " ind2=" ">
    <subfield code="1">0</subfield>
    <subfield code="2">lcc</subfield>
    <subfield code="4">0</subfield>
    <subfield code="7">0</subfield>
    <subfield code="a">LIC-037</subfield>
    <subfield code="b">LIC-037</subfield>
    <subfield code="c">CONSULTA</subfield>
    <subfield code="d">2018-05-04</subfield>
    <subfield code="e">DON</subfield>
    <subfield code="f">1a ed.</subfield>
    <subfield code="k">EH</subfield>
    <subfield code="o">N31 M86 1996</subfield>
    <subfield code="p">BBA000002179</subfield>
    <subfield code="r">2018-05-04 00:00:00</subfield>
    <subfield code="t">C:1 V.4</subfield>
    <subfield code="y">LIB</subfield>
  </datafield>
  <datafield tag="952" ind1=" " ind2=" ">
    <subfield code="1">0</subfield>
    <subfield code="2">lcc</subfield>
    <subfield code="4">0</subfield>
    <subfield code="7">0</subfield>
    <subfield code="a">LIC-037</subfield>
    <subfield code="b">LIC-037</subfield>
    <subfield code="c">CONSULTA</subfield>
    <subfield code="d">2018-05-04</subfield>
    <subfield code="e">DON</subfield>
    <subfield code="f">1a ed.</subfield>
    <subfield code="k">EH</subfield>
    <subfield code="o">N31 M86 1996</subfield>
    <subfield code="p">BBA000002180</subfield>
    <subfield code="r">2018-05-04 00:00:00</subfield>
    <subfield code="t">C:1 V.5</subfield>
    <subfield code="y">LIB</subfield>
  </datafield>
  <datafield tag="952" ind1=" " ind2=" ">
    <subfield code="1">0</subfield>
    <subfield code="2">lcc</subfield>
    <subfield code="4">0</subfield>
    <subfield code="7">0</subfield>
    <subfield code="a">LIC-037</subfield>
    <subfield code="b">LIC-037</subfield>
    <subfield code="c">CONSULTA</subfield>
    <subfield code="d">2018-05-04</subfield>
    <subfield code="e">DON</subfield>
    <subfield code="f">1a ed.</subfield>
    <subfield code="k">EH</subfield>
    <subfield code="o">N31 M86 1996</subfield>
    <subfield code="p">BBA000002181</subfield>
    <subfield code="r">2018-05-04 00:00:00</subfield>
    <subfield code="t">C:1 V.6</subfield>
    <subfield code="y">LIB</subfield>
  </datafield>
  <datafield tag="952" ind1=" " ind2=" ">
    <subfield code="1">0</subfield>
    <subfield code="2">lcc</subfield>
    <subfield code="4">0</subfield>
    <subfield code="7">0</subfield>
    <subfield code="a">LIC-037</subfield>
    <subfield code="b">LIC-037</subfield>
    <subfield code="c">CONSULTA</subfield>
    <subfield code="d">2018-05-04</subfield>
    <subfield code="e">DON</subfield>
    <subfield code="f">1a ed.</subfield>
    <subfield code="k">EH</subfield>
    <subfield code="o">N31 M86 1996</subfield>
    <subfield code="p">BBA000002182</subfield>
    <subfield code="r">2018-05-04 00:00:00</subfield>
    <subfield code="t">C:1 V.7</subfield>
    <subfield code="y">LIB</subfield>
  </datafield>
  <datafield tag="952" ind1=" " ind2=" ">
    <subfield code="1">0</subfield>
    <subfield code="2">lcc</subfield>
    <subfield code="4">0</subfield>
    <subfield code="7">0</subfield>
    <subfield code="a">LIC-037</subfield>
    <subfield code="b">LIC-037</subfield>
    <subfield code="c">CONSULTA</subfield>
    <subfield code="d">2018-05-04</subfield>
    <subfield code="e">DON</subfield>
    <subfield code="f">1a ed.</subfield>
    <subfield code="k">EH</subfield>
    <subfield code="o">N31 M86 1996</subfield>
    <subfield code="p">BBA000002183</subfield>
    <subfield code="r">2018-05-04 00:00:00</subfield>
    <subfield code="t">C:1 V.8</subfield>
    <subfield code="y">LIB</subfield>
  </datafield>
  <datafield tag="952" ind1=" " ind2=" ">
    <subfield code="1">0</subfield>
    <subfield code="2">lcc</subfield>
    <subfield code="4">0</subfield>
    <subfield code="7">0</subfield>
    <subfield code="a">LIC-037</subfield>
    <subfield code="b">LIC-037</subfield>
    <subfield code="c">CONSULTA</subfield>
    <subfield code="d">2018-05-04</subfield>
    <subfield code="e">DON</subfield>
    <subfield code="f">1a ed.</subfield>
    <subfield code="k">EH</subfield>
    <subfield code="o">N31 M86 1996</subfield>
    <subfield code="p">BBA000002184</subfield>
    <subfield code="r">2018-05-04 00:00:00</subfield>
    <subfield code="t">C:1 V.9</subfield>
    <subfield code="y">LIB</subfield>
  </datafield>
  <datafield tag="952" ind1=" " ind2=" ">
    <subfield code="1">0</subfield>
    <subfield code="2">lcc</subfield>
    <subfield code="4">0</subfield>
    <subfield code="7">0</subfield>
    <subfield code="a">LIC-037</subfield>
    <subfield code="b">LIC-037</subfield>
    <subfield code="c">CONSULTA</subfield>
    <subfield code="d">2018-05-04</subfield>
    <subfield code="e">DON</subfield>
    <subfield code="f">1a ed.</subfield>
    <subfield code="k">EH</subfield>
    <subfield code="o">N31 M86 1996</subfield>
    <subfield code="p">BBA000002185</subfield>
    <subfield code="r">2018-05-04 00:00:00</subfield>
    <subfield code="t">C:1 V.10</subfield>
    <subfield code="y">LIB</subfield>
  </datafield>
</record>
